Normal view
MARC view
Entry Término temático
001 - NÚMERO DE CONTROL
- campo de control: 30059
003 - IDENTIFICADOR DEL NÚMERO DE CONTROL
- campo de control: OSt
005 - FECHA Y HORA DE LA ÚLTIMA TRANSACCIÓN
- campo de control: 20190925161111.0
008 - DATOS DE LONGITUD FIJA
- campo de control de longitud fija: 190925|| aca||aabn | a|a d
040 ## - FUENTE DE LA CATALOGACIÓN
- Centro catalogador/agencia de origen: OSt
- Centro/agencia transcriptor: OSt
150 ## - ENCABEZAMIENTO--TÉRMINO DE MATERIA
- Término de materia o nombre geográfico como elemento de entrada: Códigos
670 ## - FUENTE DE DATOS ENCONTRADOS
- Cita de la fuente: Work cat.: (OSt)12282: Lama, Miguel Antonio de la 28722, Código civil con citas, notas, concordancias y un apéndice de leyes, decretos, resoluciones, reglamentos, circulares, ordenes, instrucciones, acuerdos y ejecutorias hasta el 30 de junio de 1899 /, 1899.